01223nam a2200289 i 4500003000900000005001700009007000300026008004100029020001800070040003000088041000800118082001800126100004400144245005000188250002200238264004400260300002800304336002700332337003300359338002800392520029500420590002700715910001400742942001400756952014600770999001700916DO-SdBNP20250715114728.0ta250715s2018 dr 000 0 spa d a9781980244608 aDO-SdBNPbspacBNPHUerda aspa 4axxxbA4852221 aAmarante, Mercedeseautora9784664aut.10aEvidencias de un sueño /cMercedes Amarante aPrimera edición aSanto Domingo :bCasa de gloria,c2018. a117 páginas :c21 cm. atextobtxt2rdacontent asin mediaciónbn2rdamedia avolumenbnc2rdacarrier aEste libro esta dedicado a las personas que sienten que no tienen lo necesario para lograr las cosas, te ayudara a entender que si eres portador de un sueño definitivamente ya tienes lo necesario para comenzar a esforzarte para que se haga evidencia. SI LO PUEDES SOÑAR LO PUEDES LOGRAR aInventariado, 2025/ YL aYLockward 2ddccLBS1 00102ddc51708PDaBNPHUbBNPHUcCTd2025-01-23eDonado por Alexander Riveral0oBNPHU PD xxx A485p2025-6582r2025-07-15w2025-07-15yLBS1 c59540d59540